Začnite s prípravami okamžite
Na zorganizovanie a koordináciu pomerne zložitého procesu pri zavedení eura je potrebné kvalitné manažovanie projektu. Zavedenie eura ovplyvní všetky prevídzkové činnosti každého podniku. Pôjde o vnútorné aj vonkajšie prevádzkové procesy. Zmeny softvéru a informačných procesov sa dotknú všetkých pod...
Salvato in:
| Autore principale: | |
|---|---|
| Natura: | Capitolo di libro |
| Lingua: | slovacco |
| Soggetti: | |
| Tags: |
Nessun Tag, puoi essere il primo ad aggiungerne!!
|
MARC
| LEADER | 00000naa$a2200000$$$4500 | ||
|---|---|---|---|
| 001 | 0071755 | ||
| 005 | 20231128093025.8 | ||
| 041 | 0 | |a slo | |
| 044 | |a SK | ||
| 245 | 1 | 0 | |a Začnite s prípravami okamžite |c Alexander Sotník |
| 520 | |a Na zorganizovanie a koordináciu pomerne zložitého procesu pri zavedení eura je potrebné kvalitné manažovanie projektu. Zavedenie eura ovplyvní všetky prevídzkové činnosti každého podniku. Pôjde o vnútorné aj vonkajšie prevádzkové procesy. Zmeny softvéru a informačných procesov sa dotknú všetkých podnikateľských subjektov. Achilovou pätou budú malí a strední podnikatrelia, najmä obchodníci. Duálne zobrazovanie cien. Harmonogram na prijatie eura. | ||
| 610 | 2 | 0 | |a euro |
| 610 | 2 | 0 | |a euromena |
| 610 | 2 | 0 | |a Slovensko |
| 610 | 2 | 0 | |a obchodníci |
| 610 | 2 | 0 | |a 2008 |
| 100 | 1 | |a Sotník, Alexander | |